000 00595cam a22002291 4500
001 sa 63000828
003 DLC
005 20260227111923.0
008 891031s1962 ii 000 0 hino
010 _asa 63000828
035 _a(OCoLC)20578009
040 _aDLC
_cWaU
_dDLC
042 _apremarc
043 _aa-ii---
050 0 0 _aPK2031
_b.B5
100 1 _aSaroja, Bhārata Bhūshaṇa.
245 1 0 _aSahītyika vāda /
_cBhārata Bhūshaṇa "Saroja".
260 _c[1962]
300 _a156 p.
_c18 cm.
546 _aIn Hindi.
650 0 _aHindi literature
_xHistory and criticism.
999 _c53649
_d53649